000 00759nam a2200229 4500
003 OSt
005 20170418151932.0
008 031104s2003 ag | ||| ||spa
020 _a950-06-0243-1
040 _cBMC
082 _a612
100 1 _924418
_aBest, Charles Herbert
_d1899-1978
245 1 0 _aBases fisiológicas de la práctica médica
_cBest & Taylor ; directores, Mario A. Dvorkin, Daniel P. Cardinali
250 _a13ª ed
260 _aBuenos Aires [etc.]
_bEditorial Médica Panamericana
_c2003
300 _aXIX, 1132 p.
_bil. col.
_c28 cm
_e+ 1 disco compacto
650 2 4 _aFisiología humana
_9580
700 1 _aTaylor, Nesbitt
_924419
700 1 _aDvorkin, Mario A.
_924420
700 1 _aCardinali, Daniel P.
_924421
942 _2ddc
_cBK
999 _c13251
_d13251